| 000 | 00341nam a22001337a 4500 | ||
|---|---|---|---|
| 082 | _a297.1227 QAD | ||
| 100 |
_aDR MUHAMMAD TAHIR UL QADRI _96020 |
||
| 245 | _aTAFSEER MINHAJ UL QURAN | ||
| 250 | _a3RD | ||
| 260 |
_aLAHORE _bFAREED MILLAT RESEARCH _c2003 |
||
| 300 | _a782P | ||
| 650 |
_aISLAM-TAFSEER MINHAJ UL QURAN _969345 |
||
| 942 | _cBK | ||
| 999 |
_c576674 _d576674 |
||